000 00621nam a22002297a 4500
003 OSt
005 20140310181950.0
008 121121t xxu||||| |||| 00| 0 eng d
020 _a1577656946
050 _aPZ 8.1
_b.P996 1979
082 _aKF
_bP99m 1979
100 _aPyle, Howard
_94260
245 _aThe Merry Adventures of Robin Hood /
_cHoward Pyle.
260 _aNew York :
_bBaronet Books,
_cc1990.
300 _a238 p. :
_bill. ;
_c20 cm.
541 _j1
541 _j2
541 _j3
562 _e3
650 _aAdventures and adventurers
_xFiction.
_94261
942 _2lcc
_cBK-KF
_kKF
999 _c7849
_d7849